000 01057nam a2200265Ia 4500
003 OSt
005 20220926033902.0
006 a|||||r|||| 00| 0
007 ta
008 220923b |||||||| |||| 00| 0 eng d
037 _cGeneral Book
040 _aRTL
_cRTL
_beng
041 _2eng
_aeng
082 _aU44.1(X).N7, M0
100 _aSingh R L Ed.
_9137014
245 0 _aRural habitat transformation in world frontiers
260 _aVaranasi
_bNational Geographical Society of India India
_c1980
300 _a596p
_ccm.
490 _aInternational Centre For Rural Habitat Studies Publication. 4. National Geographical Society Of India, Research Publication 30. International Geographical Congress.24. International Geographical Union work group on transformation of rural habitat in developing countries
500 _aBibliography Chapterwise
650 _aRural Geography
700 _a Singh Rana P B Ed.
_9236709
942 _hU44.1(X).N7, M0
_cGB
_2CC
999 _c658188
_d658188